000 00638nam a2200205Ii 4500
003 JO-AjNU
008 230605s9999||||xx |||||||||||||| ||und||
040 _aJO-AjNU
_bara
_erda
_cJO-AjNU
041 _aara
050 1 4 _aPJ 7860 .A626 S89 1998
100 3 _aرشو، ماري,
_eauthor
_949056
245 0 0 _aالحب في ساعة غضب
250 _aط1
264 3 1 _aدمشق: الأهالي للطباعة والنشر والتوزيع، 1998
300 _a239ص
336 _atext
_btxt
_2rdacontent
337 _aunmediated
_bn
_2rdamedia
338 _avolume
_bnc
_2rdacarrier
650 4 _aرويات - ادب سوري
_949057
999 _aA21523
_c25091
_d25091